Normal view MARC view

Entry Topical Term

Number of records used in: 1

001 - CONTROL NUMBER

  • control field: 80804

003 - CONTROL NUMBER IDENTIFIER

  • control field: dpl

005 - DATE AND TIME OF LATEST TRANSACTION

  • control field: 20250423125132.0

008 - FIXED-LENGTH DATA ELEMENTS

  • fixed length control field: 250423|| aca||aabn | a|a d

040 ## - CATALOGING SOURCE

  • Original cataloging agency: dpl
  • Transcribing agency: dpl

150 ## - HEADING--TOPICAL TERM

  • Topical term or geographic name as entry element: Medicine, Ayurvedic

670 ## - SOURCE DATA FOUND

  • Source citation: Work cat.: (dpl)136681: Graham, Thomas J. 80802, Ayurvedic materia medica for domestic use :, 2006

© Delhi Public Library
Hit Counter
free hit counter